| 000 | 00954cad a22002055a 4500 | ||
|---|---|---|---|
| 001 | L151923 | ||
| 008 | 110106e20101215xxk 000 0 eng d | ||
| 035 | _a(Sirsi) u151923 | ||
| 041 | 0 | _aeng | |
| 110 | 2 |
_aCouncil of Mortgage Lenders _95903 |
|
| 245 | 0 | 0 |
_aCML publishes 2011 market forecasts _h[electronic resource] |
| 260 | _c2010 | ||
| 490 |
_aCML News and Views _v(24) 15 December 2010 |
||
| 520 | _aCouncil of Mortgage Lenders' forecast for UK mortgage and housing markets in 2011. Activity in housing and mortgage markets is set to remain broadly flat in 2011 due to predicted fall in transactions to 860 000 and difficulty in obtaining mortgage particularly for first time buyers. | ||
| 590 | _aKA | ||
| 651 | 4 |
_aUnited Kingdom _y |
|
| 690 | _aPROPERTY-RESIDENTIAL PROPERTY-RESIDENTIAL PROPERTY MARKET | ||
| 856 | 4 | 0 |
_uhttps://www.cml.org.uk/cml/publications/newsandviews/80/290 _zView this item free of charge at www.cml.org.uk |
| 942 | _n0 | ||
| 999 |
_c82865 _d82865 |
||